Largest Cities in Malaysia - Statistics

General Stats
  • This quiz has been taken 11 times
  • The average score is 13 of 21
Answer Stats
Population City % Correct
1,453,975 Kuala Lumpur
91%
673,318 Ipoh
82%
802,489 Johor Bahru
82%
570,407 Kuching
82%
217,368 Alor Setar
73%
300,000 George Town
73%
879,867 Klang
73%
457,326 Kota Kinabalu
73%
285,065 Kuala Terengganu
73%
481,654 Shah Alam
73%
1,459,994 Kota Bharu
64%
366,229 Kuantan
64%
520,698 Petaling Jaya
64%
372,917 Seremban
64%
228,212 Miri
55%
708,296 Subang Jaya
55%
306,462 Tawau
55%
392,288 Sandakan
45%
217,647 Taiping
45%
228,843 Sungai Petani
36%
833,571 Kampung{Baru Subang}
27%
No matching quizzes found
Score Distribution
Percent of People with Each Score
Percentile by Number Answered
Your Score History
You have not taken this quiz